Desatero aktivní ženy 50+, aneb, Díky řadě let praxe vám mohu nabídnout mnoho cenných zkušeností, které jsem získala za léta v obdobných pozicích, ale jen málokdo to ocení /

Korporativní autor: Aktivní ženy 50+ (projekt)
Další autoři: Harazímová, Petra, 1978-, BEC družstvo
Jazyk: Čeština
Vydáno: Praha : Centrum pro komunitní práci pro BEC družstvo - Business and Employment Co-operative, 2014
Témata:
Fyzický popis: 27 s. : barev. il. ; 21 cm
Knihy
Uloženo v:
LEADER 02259nam a2200541 a 4500
001 nkc20152652385
003 CZ PrNK
005 20150612112934.0
007 ta
008 150305s2014 xr a e f 000 0 cze
015 |a cnb002652385 
020 |a 978-80-87809-23-5  |q (brož.) 
035 |a (OCoLC)907523683 
040 |a ABA001  |b cze 
072 7 |a 331  |x Práce  |2 Konspekt  |9 4 
080 |a 316.346.2-055.2  |2 MRF 
080 |a 316.346.32-053.87/.88  |2 MRF 
080 |a 331.53  |2 MRF 
080 |a 331.53-053.87/.88  |2 MRF 
080 |a (035)  |2 MRF 
245 0 0 |a Desatero aktivní ženy 50+, aneb, Díky řadě let praxe vám mohu nabídnout mnoho cenných zkušeností, které jsem získala za léta v obdobných pozicích, ale jen málokdo to ocení /  |c [autoři Petra Harazímová ... et al.] 
246 3 |a Ženy 50+ 
246 3 0 |a Aktivní ženy 50+ 
260 |a Praha :  |b Centrum pro komunitní práci pro BEC družstvo - Business and Employment Co-operative,  |c 2014 
300 |a 27 s. :  |b barev. il. ;  |c 21 cm 
500 |a Název z obálky 
500 |a Pub. vznikla v rámci projektu "Aktivní ženy 50+ a jejich uplatňování na lokálním trhu práce" (zkráceně Aktivní ženy 50+) 
500 |a 200 výt. 
650 0 7 |a ženy  |7 ph127967  |2 czenas 
650 0 7 |a osoby 50+  |7 ph814132  |2 czenas 
650 0 7 |a profesní uplatnění  |7 ph134653  |2 czenas 
650 0 7 |a zaměstnávání osob 50+  |7 ph807614  |2 czenas 
650 0 9 |a women  |2 eczenas 
650 0 9 |a persons 50+  |2 eczenas 
650 0 9 |a employment  |2 eczenas 
650 0 9 |a employment of persons 50+  |2 eczenas 
655 7 |a příručky  |7 fd133209  |2 czenas 
655 9 |a handbooks and manuals  |2 eczenas 
700 1 |a Harazímová, Petra,  |d 1978-  |7 jo2015862546  |4 aut 
710 2 |a Aktivní ženy 50+ (projekt)  |7 ko2015862090 
710 2 |a BEC družstvo  |7 ko2015862101 
910 2 |a BOA001  |b 2-1342.747 
990 |a BK 
995 |a 01 
991 |b 201503  |c NOV  |e n 
996 6 |b 2610624805  |c 2-1342.747  |l MZK  |r Sklad / do 1 hodiny  |n 1  |p p.v.  |w 001494068  |u 000010  |a 1  |e BOA001  |j MZK50  |s P 
996 7 |b 2610624806  |c 2-1342.747  |l MZK  |r Sklad / do 1 hodiny  |n 1  |p dar  |w 001494068  |u 000020  |a 1  |e BOA001  |j MZK50  |s A 
996 7 |b 2610624807  |c 2-1342.747  |l MZK  |r Sklad / do 1 hodiny  |n 1  |p dar  |w 001494068  |u 000030  |a 1  |e BOA001  |j MZK50  |s A